Drapeaux du Monde: ordre aléatoire - Statistiques

Statistiques générales
  • Ce quiz a été pris 15 494 fois
  • Le résultat moyen est 158 sur 196
Statistiques - réponses
Par images Réponse % Correct
Allemagne
89%
Argentine
89%
Brésil
89%
Canada
89%
Chine
89%
Corée du Sud
89%
Espagne
89%
États-Unis
89%
France
89%
Italie
89%
Japon
89%
Mexique
89%
Portugal
89%
Royaume-Uni
89%
Suède
89%
Suisse
89%
Ukraine
89%
Afrique du Sud
88%
Albanie
88%
Algérie
88%
Belgique
88%
Chypre
88%
Grèce
88%
Inde
88%
Irlande
88%
Israël
88%
Jamaïque
88%
Maroc
88%
Norvège
88%
Pologne
88%
Russie
88%
Turquie
88%
Arabie Saoudite
87%
Australie
87%
Croatie
87%
Danemark
87%
Égypte
87%
Finlande
87%
Liban
87%
Népal
87%
Nouvelle-Zélande
87%
Pays-Bas
87%
Qatar
87%
Roumanie
87%
Tunisie
87%
Viêt Nam
87%
Corée du Nord
86%
Côte-d'Ivoire
86%
Géorgie
86%
Islande
86%
Luxembourg
86%
Macédoine du Nord
86%
Uruguay
86%
Vatican
86%
Autriche
85%
Bangladesh
85%
Colombie
85%
Kenya
85%
Kosovo
85%
Malte
85%
Monaco
85%
République Tchèque
85%
Serbie
85%
Slovaquie
85%
Cambodge
84%
Chili
84%
Estonie
84%
Irak
84%
Iran
84%
Nigeria
84%
Pakistan
84%
Saint-Marin
84%
Slovénie
84%
Sri Lanka
84%
Thaïlande
84%
Venezuela
84%
Bhoutan
83%
Bulgarie
83%
Cuba
83%
Hongrie
83%
Indonésie
83%
Laos
83%
Panama
83%
Pérou
83%
République Démocratique du Congo
83%
Singapour
83%
Andorre
82%
Biélorussie
82%
Bosnie-Herzégovine
82%
Équateur
82%
Lettonie
82%
Malaisie
82%
Monténégro
82%
Sénégal
82%
Seychelles
82%
Afghanistan
81%
Angola
81%
Barbade
81%
Kazakhstan
81%
Madagascar
81%
Moldavie
81%
Arménie
80%
Cameroun
80%
Costa Rica
80%
Liechtenstein
80%
Mongolie
80%
Ouganda
80%
Ouzbékistan
80%
Palaos
80%
Philippines
80%
République Dominicaine
80%
Somalie
80%
Syrie
80%
Tchad
80%
Émirats Arabes Unis
79%
Éthiopie
79%
Nicaragua
79%
Niger
79%
Azerbaidjan
78%
Fidji
78%
Haïti
78%
Honduras
78%
Jordanie
78%
Liberia
78%
Mauritanie
78%
Papouasie-Nouvelle-Guinée
78%
Paraguay
78%
Taïwan
78%
Turkménistan
78%
Bahamas
77%
Bahreïn
77%
Lituanie
77%
Maldives
77%
Mali
77%
République Centrafricaine
77%
Sainte-Lucie
77%
Yémen
77%
Burkina Faso
76%
Cap-Vert
76%
Eswatini
76%
Guatemala
76%
Lesotho
76%
Libye
76%
Mozambique
76%
Salvador
76%
Tanzanie
76%
Tonga
76%
Belize
75%
Birmanie
75%
Comores
75%
États Fédérés de Micronésie
75%
Kirghizistan
75%
Koweït
75%
Oman
75%
République du Congo
75%
Brunei
74%
Dominique
74%
Ghana
74%
Grenade
74%
Maurice
74%
Zambie
74%
Antigua-et-Barbuda
73%
Bénin
73%
Botswana
73%
Burundi
73%
Érythrée
73%
Gabon
73%
Îles Marshall
73%
Malawi
73%
Saint-Vincent-et-les-Grenadines
73%
Soudan
73%
Tadjikistan
73%
Zimbabwe
73%
Kiribati
72%
Rwanda
72%
Togo
72%
Djibouti
71%
Soudan du Sud
71%
Suriname
71%
Trinité-et-Tobago
71%
Guinée
70%
Guyana
70%
Nauru
70%
Tuvalu
70%
Guinée Équatoriale
69%
Namibie
69%
Samoa
69%
Sierra Leone
69%
Timor Oriental
69%
Guinée-Bissau
68%
Vanuatu
68%
Bolivie
67%
Gambie
67%
Sao-Tomé-et-Principe
67%
Îles Salomon
66%
Saint-Christophe-et-Niévès
66%
Aucun quiz correspondant
Distribution des résultats
% des personnes avec chaque résultat
Percentile par nombre de réponses
Votre historique - résultats
Vous n’avez pas pris ce quiz